Biological analysis of Artemia culture from salt and salt Cum Artemia fram : November, 1986

Sparad:
Bibliografiska uppgifter
Huvudupphovsman: Wongrat, Ldda
Materialtyp: Bok
Språk:Undetermined
Publicerad: Thailand Faculty of Fisheries 1986
Ämnen:
Taggar: Lägg till en tagg
Inga taggar, Lägg till första taggen!
Thư viện lưu trữ: Trung tâm Học liệu Trường Đại học Cần Thơ
LEADER 00552nam a2200193Ia 4500
001 CTU_150079
008 210402s9999 xx 000 0 und d
082 |a 577.6 
082 |b W872/N.2 
100 |a Wongrat, Ldda 
245 0 |a Biological analysis of Artemia culture from salt and salt Cum Artemia fram : 
245 0 |b November, 1986 
245 0 |c Ldda Wongrat 
260 |a Thailand 
260 |b Faculty of Fisheries 
260 |c 1986 
650 |a Aquatic ecology 
904 |i Giang 
980 |a Trung tâm Học liệu Trường Đại học Cần Thơ